000 01356nam a2200229Ia 4500
003 Ost
005 20260507075611.0
008 260507s9999||||xx |||||||||||||| ||und||
020 _a9789961018323
040 _cfsecg
041 _aara
082 _a658
100 _aالحاج، مداح عرايبي،
_eمؤلف
245 0 _aإدارة الأعمال الاستراتيجية /
_c مداح عرايبي الحاج
260 _aالجزائر:
_bديوان المطبوعات الجامعية,
_c2015
300 _a335 صفحة؛
_bإيضاحات ؛
_c22 سم
504 _aالمراجع ص.319
520 _aتناول هذا الكتاب إدارة الأعمال الاستراتيجية، حيث تحدث من خلال فصول دراسته عن المؤسسة وعلاقتها بالمحيط وعن التخطيط ، الاستراتيجية ومدارس التفكير الاستراتيجي وخطوات وسيرورة صياغة إستراتيجية المؤسسة، بالاضافة الى الرؤية الاستراتيجية ومجال نشاط المؤسسة ، والتشخيص الخارجي والداخلي للمؤسسة ، كذلك الخيارات الاستراتيجية وإجراءات وخطوات تنفيذها.
653 _aإدارة الأعمال
653 _aالإستراتيجية
942 _cكتاب
999 _c45068
_d45068